| 000 | 00400nam a2200157Ia 4500 | ||
|---|---|---|---|
| 008 | 230718s9999 xx 000 0 und d | ||
| 041 | _aeng | ||
| 082 |
_a621.381 _bCHO |
||
| 100 | _aChoudhury D.R. | ||
| 245 | _aLinear Integrated Circuits | ||
| 260 |
_c1998 _bNew Age |
||
| 300 | _a421 | ||
| 365 |
_cRs. _b775.00 |
||
| 700 | _aChoudhury D.R. & Jain S. | ||
| 906 |
_dB:459024-Nov-1998 _cETC _b116.25 |
||
| 999 |
_c297799 _d297799 |
||